Statistiques concernant Football: Finales des coupes européennes opposant 2 clubs d'un même pays

Cliquez ici pour prendre le quiz!

Statistiques générales

  • Ce quiz a été pris 541 fois
  • Le résultat moyen est 15 sur 25

Statistiques - réponses

Réponse% Correct
Real Madrid
99%
Atlético Madrid
96%
Bayern Munich
92%
Borussia Dortmund
91%
Manchester United
91%
Chelsea
89%
Séville FC
88%
Juventus Turin
86%
Milan AC
86%
Inter Milan
85%
Valence CF
80%
Lazio Rome
64%
Athletic Bilbao
61%
FC Porto
59%
AS Rome
51%
Parme FC
46%
Sporting Braga
43%
Fiorentina
42%
FC Barcelone
37%
Tottenham Hotspur
32%
Espanyol Barcelone
27%
Real Saragosse
15%
Borussia Mönchengladbach
11%
Eintracht Francfort
11%
Wolverhampton Wanderers
4%

Distribution des résultats

Percentile par nombre de réponses

% des personnes avec chaque résultat

Votre développement - résultats

Vous n’avez pas pris ce quiz